| 000 | 01603cam a22004217a 4500 | ||
|---|---|---|---|
| 003 | CHAP | ||
| 005 | 20220329142830.0 | ||
| 008 | 040603s2004 mx a r 00010 spa d | ||
| 010 | _a88423 | ||
| 011 | _a89395 | ||
| 035 | _a99946 | ||
| 040 | _cCHAP | ||
| 090 | _aTesis | ||
| 100 | 0 | 0 |
_aAlatorre Cobos, Jorge. _93387 |
| 245 | 1 | 0 |
_aEvaluación de la efectividad biológica de aceite de nim para el manejo de la conchuela del eucalipto (Glycaspis brimblecombei) en Chapingo, México _c/por Jorge Alatorre Cobos |
| 260 |
_aChapingo, Méx. : _bEl autor, _c2004. |
||
| 300 |
_a95 h. ; _bilus. ; gráfs. |
||
| 502 | _aTesis (Ing. en Restauración Forestal) -- UACH. División de Ciencias Foretales | ||
| 530 | _aTambién disponible en línea | ||
| 590 |
_aALEPH _b10 _c20130110 _lUCH01 _h1458 |
||
| 590 |
_aBATCH-UPD _b10 _c20130110 _lUCH01 _h0832 |
||
| 590 |
_aBATCH-UPD _b10 _c20130410 _lUCH01 _h0510 |
||
| 590 |
_aBATCH-UPD _b10 _c20130914 _lUCH01 _h1047 |
||
| 590 |
_aBATCH-UPD _b10 _c20140324 _lUCH01 _h1445 |
||
| 590 |
_aBATCH-UPD _b10 _c20141002 _lUCH01 _h0822 |
||
| 590 |
_aBATCH _b00 _c20181121 _lUCH01 _h0758 |
||
| 590 |
_aCONVERSION _b10 _c20130109 _lUCH01 _h1349 |
||
| 650 | 1 | 4 |
_aControl biológico de plagas. _927587 |
| 650 | 1 | 4 |
_aEucalipto _xPlagas. _938818 |
| 650 | 1 | 4 |
_aNim (Extractos) _981351 |
| 856 |
_3Finding aid _uhttp://10.13.5.2/tesis/99946.pdf _zTeclea aqui |
||
| 856 |
_a1 _n0000160 |
||
| 901 | _aBK | ||
| 905 | _aMayto Villalobos S. | ||
| 942 | _cFOLL | ||
| 949 |
_aTesis _bBC _cTES _d33724000926184 _eTS2 _fc.2 _h41449 _i99946 _si |
||
| 949 |
_aTesis _bBC _cTES _d99946123 _eTS1 _h41448 _i99946 _sb |
||
| 999 |
_c88423 _d88423 |
||